| 000 | 00631cam a22002291 4500 | ||
|---|---|---|---|
| 001 | sa 68008352 | ||
| 003 | DLC | ||
| 005 | 20260227112531.0 | ||
| 008 | 790116s1968 ii 001 0 engd | ||
| 010 | _asa 68008352 | ||
| 035 | _a(OCoLC)4555638 | ||
| 040 |
_aDLC _cABAU _dDLC |
||
| 042 | _apremarc | ||
| 050 | 0 | 0 |
_aKNS1220 _b.I535 1968 |
| 082 | _a340 | ||
| 110 | 2 | _aIndian Law Institute. | |
| 245 | 1 | 0 | _aLabour law and labour relations. |
| 260 |
_aBombay, _bN. M. Tripathi _c[1968] |
||
| 300 |
_axxiv, 621 p. _c24 cm. |
||
| 500 | _aAccompanied by unnumbered appendix volume. | ||
| 650 | 0 |
_aLabor laws and legislation _zIndia. |
|
| 999 |
_c82368 _d82368 |
||